000
00271nam a22001097a 4500
008
170124b xxu||||| |||| 00| 0 eng d
020
_a
9780838522837
041
_a
eng
080
_2
4TH
_a
618.2
245
_a
ETHICAL DILEMMAS & NURSING PRACTICE
_c
DAVIS, A.J
942
_2
udc
_c
BK
999
_c
3542
_d
3542